| 000 | 00467nam a2200181Ia 4500 | ||
|---|---|---|---|
| 008 | 131103s9999 xx 000 0 und d | ||
| 040 | _aLoreto College | ||
| 041 | _aEnglish | ||
| 082 |
_aF/SHU _bLCBED/6620 |
||
| 100 | _aShute, Nevil | ||
| 245 | 2 |
_aA town like alice _cNevil Shute |
|
| 260 |
_aGreat britain _bMandarin _c1990 |
||
| 300 |
_a314p. _c 18cm. |
||
| 650 | _aFiction in English | ||
| 651 | _aEnglish literature | ||
| 850 | _aLCBED/F/SHU | ||
| 942 | _cBK | ||
| 999 |
_c32849 _d83328 |
||